Bases para el reconocimiento de patrones en sensores remotos /
Guardado en:
| Autor Principal: | |
|---|---|
| Formato: | Libro |
| Idioma: | Spanish |
| Publicado: |
Bahía Blanca :
Universidad Nacional del Sur. Departamento de Ciencias Agrarias,
1981.
|
| Series: | Hidrología y Recursos Naturales, 4
|
| Etiquetas: |
Agregar Etiqueta
Sin Etiquetas, Sea el primero en etiquetar este registro!
|
| LEADER | 00564nam a22001455a 4500 | ||
|---|---|---|---|
| 001 | EUN.um041506 | ||
| 008 | 041125s1981####ag#a##########000#0#spa#d | ||
| 005 | 20090408120211.0 | ||
| 245 | 1 | 0 | |a Bases para el reconocimiento de patrones en sensores remotos / |c Jorge A. Luque. |
| 260 | |a Bahía Blanca : |b Universidad Nacional del Sur. Departamento de Ciencias Agrarias, |c 1981. | ||
| 300 | |a 34 p. : |b ilus. ; |c 28 cm.. | ||
| 490 | 0 | |a Hidrología y Recursos Naturales, 4 | |
| 100 | 1 | |a Luque, Jorge Alfredo. | |
| 082 | 0 | 4 | |a 778.3 |
| 859 | |a Ar-BaUNS |b BIB. CENTRAL - Sector C |h 778.3 |i L974-5 |p 88966/982 | ||
